LIBRARY & INFORMATION CENTRE, KCAET, TAVANUR

ONLINE PUBLIC ACCESS CATALOGUE (OPAC)

Elementary structural analysis / (Record no. 2161)

MARC details
000 -LEADER
fixed length control field 00470cam a2200181ua 4500
003 - CONTROL NUMBER IDENTIFIER
control field OSt
008 - FIXED-LENGTH DATA ELEMENTS--GENERAL INFORMATION
fixed length control field 250512b |||||||| |||| 00| 0 eng d
041 ## - LANGUAGE CODE
Language code of text/sound track or separate title eng
082 ## - DEWEY DECIMAL CLASSIFICATION NUMBER
Classification number 624.171
Item number NOR/EL
100 ## - MAIN ENTRY--AUTHOR NAME
Personal name Norris, Charles head .
245 ## - TITLE STATEMENT
Title Elementary structural analysis /
250 ## - EDITION STATEMENT
Edition statement 1 /
260 ## - PUBLICATION, DISTRIBUTION, ETC. (IMPRINT)
Place of publication Auckland :
Name of publisher Mcgraw-hill book co. ,
Year of publication 1977.
300 ## - PHYSICAL DESCRIPTION
Number of Pages 661 ; .
700 1# - ADDED ENTRY--PERSONAL NAME
Personal name John, benson .
700 1# - ADDED ENTRY--PERSONAL NAME
Personal name Ukku, senol .
942 ## - ADDED ENTRY ELEMENTS (KOHA)
Koha item type Books
Holdings
Withdrawn status Lost status Damaged status Home library Current library Date acquired Full call number Accession Number Koha item type
      KAUAET   07/04/2012 624.171 NOR/EL 18085 Books
free website counter